Cities in New Jersey by picture - Statistics

General Stats
  • This quiz has been taken 32 times
  • The average score is 5 of 16
Answer Stats
Picture Answer % Correct
Jersey City
89%
Newark
75%
Trenton
75%
Atlantic City
61%
Elizabeth
61%
Paterson
50%
Camden
46%
Bayonne
43%
New Brunswick
29%
Plainfield
4%
Vineland
4%
Bridgeton
0%
Englewood
0%
Garfield
0%
Linden
0%
Milleville
0%
No matching quizzes found
Score Distribution
Percent of People with Each Score
Percentile by Number Answered
Your Score History
You have not taken this quiz